000 00603nam a2200217Ia 4500
005 20241129111444.0
008 241129s9999||||xx |||||||||||||| ||und||
020 _a93-90682-03-3
037 _aTB
040 _aCRL
_beng
_cCRL
041 _aurd
_2urd
084 _aO168,1N28x R3
_qCRL
100 _aGhori Jawahar Khanam Au.
_9724458
245 0 _aKulliyat-e-Zeb Ghori
_cGhori Jawahar Khanam Au.
260 _aDelhi, India
_bArshia Publications
_c2023
300 _a444p.
365 _aINR
_b500
650 _aUrdu Poetry
942 _cTB
_hO168,1N28x R3
999 _c1230547
_d1230547